Evaluación de proyectos / Arnold C. Harberger ; [traducción revisada por Ceferino Argüello Reguera]
Descripción Física:
367 p. ; 24 cm
Colección:
Obras básicas de Hacienda pública
Otros Autores:
Argüello Reguera, Ceferino
Materias:
Inversions públiques
MARC
| LEADER | 00000nam a2200000Ia 4500 | ||
|---|---|---|---|
| 001 | 832 | ||
| 008 | 160829s9999 xx 000 0 cat d | ||
| 080 | |a M-3-50 | ||
| 100 | |a Harberger, Arnold C. |9 26273 | ||
| 245 | |a Evaluación de proyectos / Arnold C. Harberger ; [traducción revisada por Ceferino Argüello Reguera] | ||
| 260 | |a Madrid : |b Instituto de Estudios Fiscales, DL 1973 | ||
| 300 | |a 367 p. ; |c 24 cm | ||
| 490 | |a Obras básicas de Hacienda pública | ||
| 650 | |a Inversions públiques |9 23666 | ||
| 700 | 1 | |a Argüello Reguera, Ceferino |9 26274 | |
| 901 | |a Arxiu | ||
| 942 | |n 1 | ||
| 952 | |0 0 |1 0 |4 0 |6 M350 |7 1 |9 43940 |a Arxiu |b Arxiu |d 2016-12-01 |l 0 |o M-3-50 |p 832 |r 2016-12-01 00:00:00 |w 2016-12-01 |y ARXIU | ||
| 999 | |c 46520 |d 46520 | ||